Westside Gunn Albums by covers - Statistics

General Stats
  • This quiz has been taken 185 times
  • The average score is 10 of 16
Answer Stats
Picture Answer % Correct
Pray for Paris
91%
Hitler Wears Hermes 2
90%
Flygod
88%
Hitler Wears Hermes 3
88%
Hitler Wears Hermes 5
88%
Hitler Wears Hermes 4
85%
Hitler Wears Hermes 7
85%
Hitler Wears Hermes 6
83%
Hitler Wears Hermes 8 side B
65%
Flygod is an awesome god
60%
Flyest Nigga in charge
56%
Supreme Blientele
50%
Flygod is an awesome god 2
42%
Hitler Wears Hermes 8 Sincerely Adolf
32%
Griselda Ghosts
9%
Who made this sunshine
2%
No matching quizzes found
Score Distribution
Percent of People with Each Score
Percentile by Number Answered
Your Score History
You have not taken this quiz